Normal view
MARC view
- Kharcheva, A.K.
Entry Personal Name
001 - CONTROL NUMBER
- control field: 125752
003 - CONTROL NUMBER IDENTIFIER
- control field: NUST
005 - DATE AND TIME OF LATEST TRANSACTION
- control field: 20240910115509.0
008 - FIXED-LENGTH DATA ELEMENTS
- fixed length control field: 240910|| aca||aabn | a|a d
040 ## - CATALOGING SOURCE
- Original cataloging agency: NUST
- Transcribing agency: NUST
100 ## - HEADING--PERSONAL NAME
- Personal name: Kharcheva, A.K.
- Fuller form of name: (Avgusta Konstaninovna)
670 ## - SOURCE DATA FOUND
- Source citation: Work cat.: (NUST)0: Bradis, V. M. (Vladimir Modestovich), 1890- 125749, Lapses in mathematical reasoning /, 1999.
